000 00283nam a22001337a 4500
008 170612b xxu||||| |||| 00| 0 eng d
020 _a0393054691
041 _aeng
080 _a94
100 _a17
101 _aSHH
245 _aINDIA'S DEMOCRACY
_cHANSON,A.H
942 _2udc
_cBK
999 _c17000
_d17000